| 000 | 00510nam a2200157 i 4500 | ||
|---|---|---|---|
| 001 | 30829 | ||
| 003 | ES-MaACL | ||
| 005 | 20230906154248.0 | ||
| 007 | t| | ||
| 008 | 030127s1971 sp ||||1| spa d | ||
| 100 | 1 |
_aBartolozzi Sánchez, Rafael. _926180 |
|
| 245 | 1 | 0 |
_aEnzimopatías genéticas en oftalmología / _cRafael Bartolozzi Sánchez. |
| 260 |
_aTorremolinos : _bCongreso de la Sociedad Española de Oftalmología, _c1971. |
||
| 300 |
_a478 p., 19 cm ; _c24 cm. |
||
| 852 |
_aES-MaACL _jC-40976 _bR.79698 |
||
| 999 |
_c30829 _d30829 |
||